000 00576nam a2200217 u 4500
005 20220610063724.0
008 130910s2011 r 000 0 eng d
020 _a9786073104609
035 _aUPN01000192776
049 _aCG
050 4 _aPQ8097 A4
_bD4.2 2011
100 1 _aAllende, Isabel,
_d1942-
245 1 3 _aDe amor y de sombra /
_cIsabel Allende.
250 _a2a ed.
260 _aMéxico :
_bPlaza & Janés,
_c2011.
300 _a317 p.
650 4 _aNOVELA CHILENA
_98845
650 0 _aAmor en la literatura
_94325
905 _aLibro
999 _c164878
_d164878